MARC details
| 000 -LEADER |
| campo de control de longitud fija |
01461nac a2200301 a 4500 |
| 003 - IDENTIFICADOR DE NÚMERO DE CONTROL |
| campo de control |
CO-PeBPM |
| 005 - FECHA Y HORA DE LA ÚLTIMA TRANSACCIÓN |
| campo de control |
20260428145226.0 |
| 007 - CAMPO FIJO DE DESCRIPCIÓN FÍSICA--INFORMACIÓN GENERAL |
| campo de control de longitud fija |
ta |
| 008 - DATOS DE LONGITUD FIJA--INFORMACIÓN GENERAL |
| campo de control de longitud fija |
260428s2002 ck |||| |||| 00| 0 spa d |
| 020 ## - NÚMERO INTERNACIONAL ESTÁNDAR DEL LIBRO |
| Número Internacional Estándar del Libro |
8466307141 |
| 040 ## - FUENTE DE CATALOGACIÓN |
| Centro catalogador/agencia de origen |
CO-PeBPM |
| Lengua de catalogación |
spa |
| Centro/agencia transcriptor |
CO-PeBPM |
| Normas de descripción |
rda |
| 041 ## - CÓDIGO DE IDIOMA |
| Código de lengua del texto/banda sonora o título independiente |
spa |
| 082 04 - NÚMERO DE LA CLASIFICACIÓN DECIMAL DEWEY |
| Número de clasificación |
641.50946 M183p |
| Número de edición |
22 |
| 100 1# - ENTRADA PRINCIPAL--NOMBRE DE PERSONA |
| Nombre de persona |
Madrigal, Andrés |
| Término indicativo de función/relación |
autor |
| 245 10 - MENCIÓN DEL TÍTULO |
| Título |
Placeres de alcoba |
| Resto del título |
: La cocina erótica, romántica y afrodisiaca |
| Mención de responsabilidad, etc. |
/ Andrés Madrigal |
| 260 ## - PUBLICACIÓN, DISTRIBUCIÓN, ETC. |
| Lugar de publicación, distribución, etc. |
Madrid, España |
| Nombre del editor, distribuidor, etc. |
: Suma de Letras |
| Fecha de publicación, distribución, etc. |
, 2002 |
| 300 ## - DESCRIPCIÓN FÍSICA |
| Extensión |
254 páginas |
| Dimensiones |
20 cm. |
| 336 ## - TIPO DE CONTENIDO |
| Fuente |
rdacontent |
| Término de tipo de contenido |
texto |
| Código de tipo de contenido |
txt |
| 337 ## - TIPO DE MEDIO |
| Fuente |
rdamedia |
| Nombre/término del tipo de medio |
sin mediación |
| Código del tipo de medio |
n |
| 338 ## - TIPO DE SOPORTE |
| Fuente |
rdacarrier |
| Nombre/término del tipo de soporte |
volumen |
| Código del tipo de soporte |
nc |
| 490 ## - MENCIÓN DE SERIE |
| Mención de serie |
Punto de Lectura. Gastronomía |
| 500 ## - NOTA GENERAL |
| Nota general |
Incluye índices al final del texto |
| 500 ## - NOTA GENERAL |
| Nota general |
Subtítulo tomado de la cubierta del texto |
| 520 ## - RESUMEN, ETC. |
| Sumario, etc. |
Olores, sabores, texturas... Un mundo de sensaciones por explorar en una simbiosis perfecta entre la cocina y el amor, la gastronomía y el erotismo. Desde los dioses griegos al marqués de Sade, pasando por personajes como Casanova, Wilde o el mismo Balzac. Todos ellos han sucumbido a la llamada de Eros, irresistiblemente estimulados por la combinación y elaboración de los alimentos. Todas las recetas elaboradas con alimentos afrodisíacos para afrontar la cocina y la alcoba desde otro punto de vista |
| 650 17 - PUNTO DE ACCESO ADICIONAL DE MATERIA--TÉRMINO DE MATERIA |
| Término de materia o nombre geográfico como elemento de entrada |
Economía domestica |
| Fuente del encabezamiento o término |
LEMB |
| 650 17 - PUNTO DE ACCESO ADICIONAL DE MATERIA--TÉRMINO DE MATERIA |
| Término de materia o nombre geográfico como elemento de entrada |
Afrodisiacos (Cocina) |
| Fuente del encabezamiento o término |
LEMB |
| 942 ## - ELEMENTOS DE ENTRADA SECUNDARIOS (KOHA) |
| Fuente del sistema de clasificación o colocación |
Clasificación Decimal Dewey |
| Suprimir en OPAC |
No |
| Tipo de ítem Koha |
Libros |